000 00297nam a22001337a 4500
008 170907b xxu||||| |||| 00| 0 eng d
020 _a0471756016
041 _aeng
080 _a72
100 _a41
101 _aARK
245 _aDICTIONARY OF ARCHITECTURE
_cSAYLOR.H.H.
942 _2udc
_cBK
999 _c26458
_d26458